000
00344 a2200157 4500
001
161772
020
_a
040
_c
Magnum
100
_a
-
240
1
0
_a
Saneamento e paisagem urbana
_l
por
245
1
0
_a
Saneamento e paisagem urbana
362
0
_a
1899
440
1
_a
Fundação João Pinheiro
697
_a
ESTUDOS SOCIAIS
942
_c
BK
999
_c
161772
_d
161772